AEW TNT Champions - Statistics

General Stats
  • This quiz has been taken 1,678 times
    55 since last reset
  • The average score is 15 of 20
Answer Stats
Title Reigns Last Won Champion % Correct
3 2021 Cody Rhodes
90%
2 2026 Kyle Fletcher
88%
1 2024 Jack Perry
83%
2 2022 Darby Allin
81%
1 2025 Dustin Rhodes
81%
2 2023 Christian Cage
79%
1 2026 Kevin Knight
79%
3 2022 Sammy Guevara
79%
2 2023 Samoa Joe
79%
1 2026 Tommaso Ciampa
76%
2 2024 Adam Copeland
74%
1 2025 Mark Briscoe
74%
1 2020 Mr. Brodie Lee
74%
1 2025 Adam Cole
71%
1 2023 Luchasaurus
71%
2 2022 Scorpio Sky
71%
1 2021 Miro
69%
1 2024 Daniel Garcia
67%
3 2023 Wardlow
64%
1 2023 Powerhouse Hobbs
55%
No matching quizzes found
Score Distribution
Percent of People with Each Score
Percentile by Number Answered
Your Score History
You have not taken this quiz since the last reset